| 000 | 00848cam a2200277 4500 | ||
|---|---|---|---|
| 008 | 090401t1997 xxu||||| |||| 00| 0 eng d | ||
| 020 | _a190143401X | ||
| 035 | _a(Sirsi) u78008 | ||
| 041 | _aeng | ||
| 050 |
_a333.332 _c18 |
||
| 110 | _aCentral Association of Agricultural Valuers | ||
| 245 | _aInformation paper on valuation under the Bovine Spongiform Encephalopathy Compensation Order 1996. | ||
| 260 |
_aColeford _bCAAV _c1997 |
||
| 300 |
_a7p. _c30cm. |
||
| 350 | _a5 | ||
| 490 |
_aCAAV Publication _v169 |
||
| 650 | _aBOVINE SPONGIFORM ENCEPHALOPATHY COMPENSATION ORDER 1996 | ||
| 650 | _aBOVINE SPONGIFORM ENCEPHALOPATHY | ||
| 650 | _aBSE | ||
| 650 | _aCOMPENSATION | ||
| 650 |
_aValuation _96273 |
||
| 690 |
_aRURAL _96268 |
||
| 710 |
_aRoyal Institution of Chartered Surveyors _94900 |
||
| 942 | _n0 | ||
| 948 | _c28/04/1997 | ||
| 999 |
_c96382 _d96382 |
||